000 00366nam a2200121Ia 4500
008 220216s9999 xx 000 0 und d
245 0 _aNew report on the South American Hevea leaf blight: Chances of successful hevea cultivation in Western hemisphere
260 _bPlanter
_c1955
300 _a189-191
650 _aHevea cultivation
650 _aSALB
942 _cJS
999 _c63892
_d63892